书目信息 |
| 题名: |
建筑行业温室气体减排机会指南
|
|
| 作者: | 张建国 著 | |
| 分册: | ||
| 出版信息: | 北京 中国经济出版社 2019.11 |
|
| 页数: | 165页 | |
| 开本: | 24cm | |
| 丛书名: | 节能研究文库 | |
| 单 册: | ||
| 中图分类: | X799.101 | |
| 科图分类: | ||
| 主题词: | 建筑业--jian zhu ye--温室效应--有害气体--大气扩散--污染防治--中国--指南 | |
| 电子资源: | ||
| ISBN: | 978-7-5136-5354-1 | |
| 000 | 01259nam 2200277 450 | |
| 001 | 202020140540 | |
| 005 | 20200926181352.0 | |
| 010 | @a978-7-5136-5354-1@dCNY68.00 | |
| 100 | @a20200918d2019 em y0chiy50 ea | |
| 101 | 0 | @achi |
| 102 | @aCN@b110000 | |
| 105 | @aak z 000yy | |
| 106 | @ar | |
| 200 | 1 | @a建筑行业温室气体减排机会指南@Ajian zhu hang ye wen shi qi ti jian pai ji hui zhi nan@d= Opportunities and guidelines for buildings to reduce greenhouse gas emissions@f张建国著@zeng |
| 210 | @a北京@c中国经济出版社@d2019.11 | |
| 215 | @a165页@c图@d24cm | |
| 225 | 2 | @a节能研究文库@Ajie neng yan jiu wen ku |
| 300 | @a中国清洁发展机制基金赔款项目 | |
| 330 | @a本书对我国建筑行业能源消费和温室气体排放现状和趋势分析、节能减排政策梳理、国际经验启示, 从技术进步、用能结构优化、建设模式转变方面探讨了建筑行业温室气体减排机会, 并对各减排机会的技术特点、经济性、发展潜力等进行了具体分析。 | |
| 410 | 0 | @12001 @a节能研究文库 |
| 510 | 1 | @aOpportunities and guidelines for buildings to reduce greenhouse gas emissions@zeng |
| 606 | 0 | @a建筑业@Ajian zhu ye@x温室效应@x有害气体@x大气扩散@x污染防治@y中国@j指南 |
| 690 | @aX799.101@v5 | |
| 701 | 0 | @a张建国@Azhang jian guo@4著 |
| 801 | 0 | @aCN@c20200312 |
| 905 | @a河南城建学院图书馆@dX799.101@eZ121 | |
| 建筑行业温室气体减排机会指南= Opportunities and guidelines for buildings to reduce greenhouse gas emissions/张建国著.-北京:中国经济出版社,2019.11 |
| 165页:图;24cm.-(节能研究文库) |
| 中国清洁发展机制基金赔款项目 |
| ISBN 978-7-5136-5354-1:CNY68.00 |
| 本书对我国建筑行业能源消费和温室气体排放现状和趋势分析、节能减排政策梳理、国际经验启示, 从技术进步、用能结构优化、建设模式转变方面探讨了建筑行业温室气体减排机会, 并对各减排机会的技术特点、经济性、发展潜力等进行了具体分析。 |
| ● |
| 相关链接 |
|
|
|
正题名:建筑行业温室气体减排机会指南
索取号:X799.101/Z121
 
预约/预借
| 序号 | 登录号 | 条形码 | 馆藏地/架位号 | 状态 | 备注 |
| 1 | 1490739 | 214907396 | 自科库501/501自科库 111排2列4层/ [索取号:X799.101/Z121] | 在馆 |